Top 10 best movies of all time(images) - Statistiques

Statistiques générales
  • Ce quiz a été pris 139 fois
  • Le résultat moyen est 5 sur 8
Statistiques - réponses
Par images Réponse % Correct
Titanic
98%
Forrest Gump
88%
Jurassic Park
78%
Star Wars
69%
The Godfather
69%
The Dark Knight
57%
The Lord of the Rings
41%
Gone with the Wind
12%
Aucun quiz correspondant
Distribution des résultats
% des personnes avec chaque résultat
Percentile par nombre de réponses
Votre historique - résultats
Vous n’avez pas pris ce quiz